[Event "Chigorin Mem Open"]
[Site "St Petersburg RUS"]
[Date "2009.10.22"]
[Round "7"]
[White "Kryakvin,D"]
[Black "Iordachescu,V"]
[Result "1/2-1/2"]
[WhiteElo "2571"]
[BlackElo "2607"]

1.d4 Nf6 2.Bg5 Ne4 3.Bf4 c5 4.f3 Nf6 5.d5 Nh5 6.Be3 d6 7.Qd2 Nd7 8.g4 Nhf6
9.Nc3 Ne5 10.Bf4 a6 11.Bxe5 dxe5 12.g5 Nh5 13.Ne4 f5 14.Ng3 Nxg3 15.hxg3 e6
16.O-O-O exd5 17.Qxd5 Qxd5 18.Rxd5 Kf7 19.e4 Be6 20.Rxe5 Bd6 21.exf5 Bxe5
22.fxe6+ Kxe6 23.Bc4+ Kd7 24.f4 Bd4 25.Nf3 Bf2 26.Rh3 Rae8 27.Ne5+ Rxe5 28.fxe5 Be3+
29.Kd1 b5 30.Bd5 Bxg5 31.g4 Ke7 32.c4 h6 33.Rf3 Re8 34.e6 Bf6 35.Kc2 Rb8
36.b3 Kd6 37.Kd3 b4 38.Ke4 Rf8 39.Rf1 a5 40.Rf3 Ke7 41.Rf5 Bd4 42.Rf7+  1/2-1/2

[Event "17th TCh-Eur"]
[Site "Novi Sad SRB"]
[Date "2009.10.24"]
[Round "3"]
[White "Wojtaszek,R"]
[Black "Stellwagen,D"]
[Result "1/2-1/2"]
[WhiteElo "2640"]
[BlackElo "2630"]

1.d4 Nf6 2.Bg5 Ne4 3.Bf4 c5 4.f3 Qa5+ 5.c3 Nf6 6.d5 Qb6 7.Bc1 e6 8.c4 Qb4+
9.Bd2 Qxb2 10.Nc3 Qb6 11.e4 d6 12.f4 e5 13.fxe5 dxe5 14.Nf3 Nbd7 15.Bd3 g6
16.O-O Bg7 17.a4 O-O 18.a5 Qd6 19.Bg5 a6 20.Na4 b5 21.axb6 Nxb6 22.Nxb6 Qxb6
23.Qa4 Qd6 24.Qa5 Nd7 25.Nd2 Rb8 26.Bc2 Rb2 27.Bb3 f5 28.Qc3 Rxd2 29.Qxd2 Nf6
30.Bc2 f4 31.Qa5 Ng4 32.Bd3 h6 33.Bh4 g5 34.Bf2 Nxf2 35.Rxf2 Bf6 36.Rb2 Bd8
37.Qa4 Bc7 38.Qc6 Qxc6 39.dxc6 Rf6 40.Bc2 Rxc6 41.Rd1 Ba5 42.Ba4 Rc7 43.Rb8 Kg7
44.Rd6 Bb7 45.Bc2 Re7 46.Rd1 Bc6  1/2-1/2

[Event "WJun"]
[Site "Puerto Madryn ARG"]
[Date "2009.10.24"]
[Round "4"]
[White "Stavrianakis,I"]
[Black "Ramos,Va"]
[Result "1-0"]
[WhiteElo "2273"]
[BlackElo "1915"]

1.d4 Nf6 2.Bg5 Ne4 3.Bf4 c5 4.f3 Nf6 5.dxc5 Nc6 6.c3 e5 7.Be3 a5 8.Na3 Be7
9.Nc4 O-O 10.Bf2 b5 11.Nd6 Bxd6 12.cxd6 e4 13.e3 Qb6 14.Be2 Bb7 15.f4 b4
16.Nh3 bxc3 17.bxc3 Qc5 18.Qd2 Rfc8 19.O-O Ba6 20.Bxa6 Rxa6 21.Rfd1 a4 22.Rab1 h6
23.Qe2 Rb6 24.Rxb6 Qxb6 25.Bh4 Nh7 26.Nf2 Re8 27.Qg4 Nf8 28.Bf6 g6 29.Qh3 Re6
30.Ng4 Rxf6 31.Nxf6+ Kg7 32.Nxe4 Ne6 33.f5 gxf5 34.Qxf5 Qxe3+ 35.Kh1 Ng5
36.Nxg5 hxg5 37.Qxd7 Qe2 38.Rb1 Ne5 39.Qf5 Ng4 40.d7  1-0

[Event "4NCL 2009-10"]
[Site "Sunningdale ENG"]
[Date "2009.10.24"]
[Round "1"]
[White "Walton,A"]
[Black "Povah,N"]
[Result "1/2-1/2"]
[WhiteElo "2147"]
[BlackElo "2336"]

1.d4 Nf6 2.Bg5 Ne4 3.Bf4 c5 4.f3 Qa5+ 5.c3 Nf6 6.Nd2 cxd4 7.Nb3 Qf5 8.Bxb8 Rxb8
9.Qxd4 b6 10.e4 Qf4 11.Ne2 Qc7 12.e5 Ng8 13.Ng3 Nh6 14.Bd3 e6 15.Nh5 Bb7
16.O-O Ng8 17.Rad1 g6 18.Bb5 Rd8 19.Ng3 Bg7 20.f4 Ne7 21.Ne4 Bxe4 22.Qxe4 O-O
23.Qd3 Nc8 24.Nd4 d6 25.Nc6 a6 26.Ba4 b5 27.Nxd8 bxa4 28.Nxe6 fxe6 29.Qxa6 a3
30.Qxa3 dxe5 31.fxe5 Qxe5 32.Rfe1 Qf5 33.Rf1 Qe5 34.Rfe1 Qf5 35.Rf1  1/2-1/2

[Event "World Seniors"]
[Site "Condino ITA"]
[Date "2009.10.28"]
[Round "2"]
[White "Cebalo,M"]
[Black "Sawadkuhi,M"]
[Result "1-0"]
[WhiteElo "2483"]
[BlackElo "2227"]

1.d4 Nf6 2.Bg5 Ne4 3.Bf4 c5 4.f3 Nf6 5.dxc5 Qa5+ 6.Qd2 Qxc5 7.e4 d6 8.Be3 Qc7
9.Nc3 a6 10.Nge2 e6 11.O-O-O Nbd7 12.Nd4 Be7 13.g4 Nb6 14.g5 Nfd7 15.f4 Nc4
16.Bxc4 Qxc4 17.Kb1 Qc7 18.Nf5 exf5 19.Nd5 Qd8 20.exf5 f6 21.Bd4 O-O 22.Rhe1 Ne5
23.fxe5 dxe5 24.Bb6 Qd6 25.Bc7 Qd7 26.gxf6 gxf6 27.Qh6  1-0

[Event "WJun"]
[Site "Puerto Madryn ARG"]
[Date "2009.10.29"]
[Round "8"]
[White "Andreikin,D"]
[Black "Grigoryan,Av"]
[Result "1-0"]
[WhiteElo "2659"]
[BlackElo "2515"]

1.d4 Nf6 2.Bg5 Ne4 3.Bf4 d5 4.e3 Bf5 5.f3 Nd6 6.Nd2 e6 7.c4 dxc4 8.Nxc4 Nxc4
9.Bxc4 Bb4+ 10.Kf2 Bd6 11.Ne2 O-O 12.g4 Bxf4 13.Nxf4 Qh4+ 14.Ke2 Bg6 15.Qe1 Qe7
16.h4 Bc2 17.b3 h6 18.Rc1 Bh7 19.g5 Nc6 20.Qg3 e5 21.Nd5 Qd6 22.gxh6 Qxh6
23.dxe5 Kh8 24.Qg5 Rad8 25.Nxc7 Rd7 26.Nd5 Rfd8 27.Rhd1 Qxg5 28.hxg5 Nxe5
29.e4 f5 30.gxf6 gxf6 31.Rh1 Rf8 32.Rh6 Kg7 33.Rh2 f5 34.Rg1+ Kh8 35.Nf6 Re7
36.Rg8+ Rxg8 37.Bxg8 fxe4 38.fxe4 Kg7 39.Nd5 Bxe4 40.Nxe7 Kf8 41.Rh3 Ng4
42.Bd5  1-0

[Event "World Seniors"]
[Site "Condino ITA"]
[Date "2009.10.30"]
[Round "4"]
[White "Elfert,A"]
[Black "Sawadkuhi,M"]
[Result "0-1"]
[WhiteElo "2021"]
[BlackElo "2228"]

1.d4 Nf6 2.Bg5 Ne4 3.Bf4 c5 4.f3 Nf6 5.dxc5 Qa5+ 6.Nc3 Qxc5 7.e4 d6 8.Qd2 a6
9.Be3 Qc7 10.Nge2 e6 11.O-O-O Nbd7 12.g4 h6 13.h4 b5 14.a3 Bb7 15.Rg1 Ne5
16.Nd4 Nfd7 17.g5 hxg5 18.hxg5 Nb6 19.g6 Nec4 20.gxf7+ Qxf7 21.Bxc4 Nxc4
22.Qf2 Be7 23.Kb1 Rc8 24.Nce2 Rc5 25.Rg4 Rch5 26.Bc1 Bh4 27.Qg1 Bf6 28.f4 Bxe4
29.f5 exf5 30.Rxe4+ fxe4 31.Qg4 O-O 32.Rg1 e3 33.Qe6 Qxe6 34.Nxe6 Rc8 35.N2f4 Re5
36.Nd4 Nd2+ 37.Ka2 Re4 38.Bxd2  0-1

[Event "World Seniors"]
[Site "Condino ITA"]
[Date "2009.10.31"]
[Round "5"]
[White "Werner,Cle"]
[Black "Zelkind,E"]
[Result "1-0"]
[WhiteElo "2339"]
[BlackElo "2205"]

1.d4 Nf6 2.Bg5 Ne4 3.Bf4 d5 4.e3 e6 5.Bd3 Nd7 6.Nd2 Ndf6 7.Ne2 c5 8.c3 Nxd2
9.Qxd2 Bd7 10.O-O Qb6 11.Be5 Be7 12.c4 dxc4 13.Bxc4 Bc6 14.Rac1 O-O 15.Bd3 Ng4
16.Bg3 h6 17.Bb1 Nf6 18.Be5 cxd4 19.Nxd4 Rac8 20.Nxc6 Rxc6 21.Rxc6 Qxc6 22.Rc1 Rd8
23.Qxd8+ Bxd8 24.Rxc6 bxc6 25.Kf1 Kf8 26.h3 Nd7 27.Bd4 Bb6 28.Bc3 f6 29.Be4 Nb8
30.Ke2 Ke7 31.Kd3 Kd6 32.f4 Nd7 33.Bb4+ Bc5 34.Bd2 Bb6 35.Bf3 g6 36.Kc4 h5
37.e4 f5 38.b4 Bf2 39.a4 a6 40.Kb3 Kc7 41.exf5 exf5 42.Be2 Kb6 43.Bc4 h4
44.Bf7 Nf8 45.Bc3 Be3 46.Bg7 Nd7 47.Be8 Kc7 48.Bxg6 Bxf4 49.Bxf5 Bg3 50.Bd4 Ne5
51.Be4 Nf7 52.Bd3 Kb7 53.Kc2 Ne5 54.Be4 Kc7 55.Bc5 Nd7 56.Be7 Nb6 57.Kb3 Nc8
58.Bc5 Nd6 59.Bd3 Kb7 60.Kc3 Nc8 61.Kd4 Nb6 62.Bc2 Nd7 63.Be7 Nb6 64.Bb3 Nc8
65.Bc5 Nd6 66.Ke3 Kc7 67.Kf3 Be1 68.Kg4 Kd7 69.Kf3 Kc7 70.Bc2 Nf7 71.Bd3 Kb7
72.Kf4 Bg3+ 73.Kf5 Nd6+ 74.Ke6 Nc8 75.Bc4 Be1 76.Bb3 Nb6 77.Kf5 Kc7 78.Ke4 Nd7
79.Be7 Nb6 80.Kf3 Nd7 81.Kg4 Ne5+ 82.Kh5 Nd3 83.Bxh4 Bxb4 84.Bg5 Kd6 85.h4 Bc3
86.Kg6 c5 87.Kf5 Nb2 88.Bf6 Bxf6 89.Kxf6 c4 90.Bc2 c3 91.h5  1-0

[Event "World Seniors"]
[Site "Condino ITA"]
[Date "2009.11.03"]
[Round "7"]
[White "Cooper,Ni"]
[Black "Cesati,Cassin Giorgio"]
[Result "1-0"]
[WhiteElo "1779"]
[BlackElo "1607"]

1.d4 Nf6 2.Bg5 Ne4 3.Bf4 g6 4.f3 Nf6 5.e4 d6 6.Qd2 Bg7 7.Bh6 O-O 8.Bxg7 Kxg7
9.Nc3 e5 10.dxe5 dxe5 11.O-O-O Nc6 12.g4 Qxd2+ 13.Rxd2 Be6 14.Nd5 Bxd5 15.exd5 Nb4
16.Bc4 Rfd8 17.Ne2 Nbxd5 18.Rhd1 c6 19.Nc3 Rd7 20.Nxd5 Nxd5 21.Bxd5 Rxd5
22.Rxd5 cxd5 23.Rxd5 Kf6 24.Rd7 b6 25.Kd2 Ke6 26.Rb7 Rd8+ 27.Ke3 Rd7 28.Rxd7 Kxd7
29.Ke4 Ke6 30.g5 f5+ 31.gxf6 Kxf6 32.h4 h6 33.a4 g5 34.hxg5+ Kxg5 35.Kxe5 h5
36.f4+ Kg4 37.f5 h4 38.f6 h3 39.f7 h2 40.f8=Q h1=Q 41.Qf5+ Kg3 42.Qf4+ Kg2
43.Qe4+  1-0

[Event "TCh-SLO East 1st League"]
[Site "Sentjur SLO"]
[Date "2009.11.06"]
[Round "6"]
[White "Doric,D"]
[Black "Rogulj,B"]
[Result "1/2-1/2"]
[WhiteElo "2456"]
[BlackElo "2453"]

1.d4 Nf6 2.Bg5 Ne4 3.Bf4 d5 4.e3 e6 5.Bd3 Bd6 6.Bg3 Nd7 7.Bxe4 dxe4 8.Qg4 Nf6
9.Qh4 Bxg3 10.hxg3 b6 11.Nc3 Bb7 12.g4 Nd5 13.Nge2 Qxh4 14.Rxh4 Nxc3 15.Nxc3 f6
16.Ke2 Kf7 17.Rah1 h6 18.Rh5 Rhd8  1/2-1/2

[Event "FSGM November"]
[Site "Budapest HUN"]
[Date "2009.11.07"]
[Round "1"]
[White "Bui Vinh"]
[Black "Csiba,D"]
[Result "1/2-1/2"]
[WhiteElo "2488"]
[BlackElo "2329"]

1.d4 Nf6 2.Bg5 Ne4 3.Bf4 e6 4.e3 d5 5.Bd3 Bd6 6.Ne2 b6 7.O-O O-O 8.c4 Bb7
9.Qc2 h6 10.Bxe4 dxe4 11.Nd2 f5 12.c5 Bxf4 13.Nxf4 Qf6 14.Qb3 Re8 15.d5 Na6
16.c6 Bc8 17.Rac1 g5 18.Nh5 Qf7 19.g4 exd5 20.Qc3 Re6 21.f3 exf3 22.Rxf3 Rd6
23.Nb3 Nc5 24.Nxc5 bxc5 25.Qxc5 a5 26.h3 Ra6 27.Qb5 Rb6 28.Qxa5 Rbxc6 29.Rcf1 Ra6
30.Qb4 d4 31.Qb8 Rd8 32.Rxf5 Qe7 33.Qb3+ Be6 34.Re5 Bxb3 35.Rxe7 Bc4 36.Rd1 c5
37.Rg7+ Kh8 38.exd4 cxd4 39.b3 Be6 40.Rd2 d3 41.Re7 Bg8 42.Kf2 Bh7 43.Ke3 Bg6
44.Ng3 Rda8 45.Ne4 Rxa2 46.Re6 Bxe4 47.Rxe4 Ra1 48.Kxd3 Rh1 49.Re3 Rc8 50.Rc2 Rd8+
51.Kc3 Rb1 52.Rce2 Rc8+ 53.Kb4 Rb8+ 54.Kc4 Rc8+ 55.Kd5 Rd1+ 56.Ke4 Rf8 57.Ra2 Re8+
58.Kf3 Rxe3+ 59.Kxe3 Rb1 60.Ra3 Rh1 61.Ke4 Rxh3 62.Kf5 Rc3 63.Ra8+ Kg7 64.Ra7+ Kf8
65.Rb7 Rf3+ 66.Kg6 Rf4 67.Kh5 Rf6 68.b4 Kg8 69.b5 Re6 70.Rc7 Rb6 71.Rc5 Kg7  1/2-1/2

[Event "TCh-FIN"]
[Site "Finland FIN"]
[Date "2009.11.08"]
[Round "5"]
[White "Seeman,T"]
[Black "Jouhki,Y"]
[Result "1-0"]
[WhiteElo "2399"]
[BlackElo "2304"]

1.d4 Nf6 2.Bg5 Ne4 3.Bf4 d6 4.Nd2 Nxd2 5.Qxd2 Nd7 6.O-O-O e6 7.e4 Be7 8.Nf3 c6
9.Kb1 b5 10.h4 a6 11.Bg5 Bb7 12.e5 Nb6 13.Bd3 dxe5 14.dxe5 c5 15.Qf4 Bd5
16.Bxe7 Qxe7 17.Ng5 h6 18.Ne4 Rd8 19.Nd6+ Kf8 20.Bg6 Rxd6 21.exd6 Qf6 22.Qxf6 gxf6
23.Bh5 Rg8 24.Rhg1 Ke8 25.b3 Rg7 26.Rd3 Kd7 27.Rg3 Rxg3 28.fxg3 e5 29.Rf1  1-0

[Event "FSGM November"]
[Site "Budapest HUN"]
[Date "2009.11.12"]
[Round "6"]
[White "Bui Vinh"]
[Black "Shankland,S"]
[Result "1/2-1/2"]
[WhiteElo "2488"]
[BlackElo "2486"]

1.d4 Nf6 2.Bg5 Ne4 3.Bf4 c5 4.f3 Qa5+ 5.c3 Nf6 6.Nd2 cxd4 7.Nb3 Qb6 8.Qxd4 Nc6
9.Qxb6 axb6 10.Nd4 e5 11.Nxc6 exf4 12.Nd4 Bc5 13.Nh3 Nd5 14.e4 fxe3 15.Bc4 Nf6
16.Nf4 O-O 17.Ke2 Bxd4 18.cxd4 Re8 19.Rhc1 g5 20.Nd5 Nxd5 21.Bxd5 Ra4 22.Kd3 d6
23.Rc7 Bf5+ 24.Kc3 Bg6 25.Re1 Kg7 26.Bb3 Ra7 27.Kb4 e2 28.Kc3 Re3+ 29.Kd2 Rd3+
30.Kxe2 Rxd4 31.Rd1 Rxd1 32.Kxd1 Kf6 33.Kd2 Ke5 34.Ke3 d5 35.Rd7 Ra5 36.Re7+ Kd6
37.Rxb7 Rb5 38.Kd4 Rb4+ 39.Kc3 Rb5 40.Kd4 Rb4+ 41.Kc3 Rb5 42.a4 d4+ 43.Kc4 Bd3+
44.Kxd3 Rxb3+ 45.Kc2 Rb4 46.Rxf7 d3+ 47.Kxd3 Rxb2 48.Rxh7 Rxg2 49.Rh6+ Ke5
50.Rxb6 Rxh2 51.Ke3 Ra2 52.Rb5+ Kf6 53.a5 Ra4 54.Rb6+ Ke5 55.a6 Ra3+ 56.Ke2 Kf4
57.Rf6+ Ke5 58.Rc6 Kf4 59.Kd2 Ra2+ 60.Kc3 Kxf3  1/2-1/2

[Event "Waling Dijkstra GpA"]
[Site "Leeuwarden NED"]
[Date "2009.11.14"]
[Round "3"]
[White "Fluit,J"]
[Black "Drozdovskij,Y"]
[Result "0-1"]
[WhiteElo "2116"]
[BlackElo "2625"]

1.d4 Nf6 2.Bg5 Ne4 3.Bf4 c5 4.f3 Qa5+ 5.c3 Nf6 6.Nd2 cxd4 7.Nb3 Qb6 8.Qxd4 Nc6
9.Qxb6 axb6 10.Nd4 e5 11.Nxc6 exf4 12.Nd4 Bc5 13.e4 fxe3 14.Bc4 Bxd4 15.cxd4 d5
16.Bb3 Kd7 17.Ne2 Kd6 18.Nc3 Bd7 19.Ke2 Rhe8 20.Rhe1 Re7 21.Rac1 g5 22.g3 h5
23.h4 Rg8 24.Rg1 Bc6 25.Bc2 Ree8 26.Bd3 Rg7 27.hxg5 Rxg5 28.Nd1 h4 29.g4 Nh5
30.Nxe3 Nf4+ 31.Kd2 h3 32.Rh1 Rgg8 33.Rh2 Bd7 34.Rg1 Re7 35.Re1 f6 36.Bf5 Rge8
37.Bxd7 Kxd7 38.Rhh1 Re6 39.Rhg1 R8e7 40.b3 b5 41.Nf5 h2  0-1

[Event "World Youth U18"]
[Site "Antalya TUR"]
[Date "2009.11.16"]
[Round "6"]
[White "Martinovic,Sa"]
[Black "Piorun,K"]
[Result "0-1"]
[WhiteElo "2483"]
[BlackElo "2475"]

1.d4 Nf6 2.Bg5 Ne4 3.Bf4 c5 4.f3 Nf6 5.dxc5 Qa5+ 6.Qd2 Qxc5 7.Nc3 g6 8.e4 d6
9.O-O-O Nbd7 10.g4 h6 11.Be3 Qc6 12.Bb5 Qc7 13.f4 a6 14.Be2 b5 15.e5 dxe5
16.fxe5 Nxe5 17.Bf4 Nfd7 18.Nf3 Bg7 19.Nd5 Qd6 20.Nxe5 Bxe5 21.Bxe5 Nxe5
22.Qe3 Bb7 23.Nb6 Qf6 24.Rhf1 Qg5 25.Qxg5 hxg5 26.Nxa8 Bxa8 27.Rd2 e6 28.a4 Bc6
29.axb5 axb5 30.Rf2 Ke7 31.Rd4 f5 32.Rb4 f4 33.Bxb5 Rb8 34.Bxc6 Rxb4 35.Bf3 Nxf3
36.Rxf3 e5 37.Ra3 Rd4 38.c3 Rd6 39.c4 e4 40.c5 Rd5 41.Ra7+ Ke6 42.b4 f3  0-1

[Event "World Blitz"]
[Site "Moscow RUS"]
[Date "2009.11.16"]
[Round "3"]
[White "Ivanchuk,V"]
[Black "Polgar,Ju"]
[Result "1-0"]
[WhiteElo "2739"]
[BlackElo "2680"]

1.d4 Nf6 2.Bg5 Ne4 3.Bh4 d5 4.Nd2 Bf5 5.e3 g6 6.c4 Nxd2 7.Qxd2 c6 8.Nf3 Bg7
9.cxd5 cxd5 10.Qb4 Nc6 11.Qxb7 Bd7 12.Qb3 Rb8 13.Qc3 Qb6 14.b3 O-O 15.Be2 Bg4
16.O-O e5 17.Rac1 Nb4 18.Qd2 Bxf3 19.Bxf3 exd4 20.exd4 Rfe8 21.Rfd1 Nc6 22.Bxd5 Nxd4
23.Bc4 Re4 24.Bg3 Rbe8 25.Re1 h5 26.h3 Kh7 27.Rxe4 Rxe4 28.Re1 Bh6 29.Qd1 Qc6
30.Bxf7 Qc2 31.Bxg6+  1-0

[Event "IV Open"]
[Site "Palma ESP"]
[Date "2009.11.22"]
[Round "3"]
[White "Heinzel,O"]
[Black "Maruejols,C"]
[Result "1/2-1/2"]
[WhiteElo "2332"]
[BlackElo "2039"]

1.d4 Nf6 2.Bg5 Ne4 3.h4 d5 4.Nd2 Bf5 5.Nxe4 Bxe4 6.f3 Bf5 7.g4 Be6 8.Qd2 Nc6
9.O-O-O f6 10.Bf4 Qd7 11.e4 Bf7 12.exd5 Qxd5 13.c4 Qd7 14.g5 e5 15.Qe3 Qe7
16.dxe5 fxe5 17.Bh2 Qc5 18.Qc3 Bd6 19.a3 a5 20.Nh3 O-O-O 21.Bg1 Nd4 22.Nf2 Qc6
23.Ne4 Bh5 24.Bxd4 exd4 25.Nxd6+ Qxd6 26.Qxa5 Kb8 27.Bg2 Bxf3 28.Bxf3 Qf4+
29.Qd2 Qxf3 30.Rhf1 Qb3 31.Qd3 Qxd3 32.Rxd3 Rd7 33.c5 c6 34.Rf4 Rhd8 35.Kc2 Ka7
36.Kb3 b5 37.cxb6+ Kxb6 38.Kc4 c5 39.Re4 Rd6 40.Re7 Rg6 41.Re5 Rc6 42.h5 Rd7
43.a4 Ra7 44.b3 Rf7 45.b4 cxb4+ 46.Kxb4 Rd6 47.a5+ Ka6 48.Kc4 Rfd7 49.Rc5 Ka7
50.Re5 Ka6 51.Kc5 Kb7 52.Kc4 Ka6 53.Rc5 Kb7 54.Kb5 Ka7 55.Kc4 Ka6 56.Rb5 Rc7+
57.Rc5 Rcd7 58.Re5 Rc7+ 59.Rc5  1/2-1/2

[Event "IV Open"]
[Site "Palma ESP"]
[Date "2009.11.24"]
[Round "5"]
[White "Bellon Lopez,JuM"]
[Black "Piasetski,L"]
[Result "1-0"]
[WhiteElo "2435"]
[BlackElo "2269"]

1.d4 Nf6 2.Bg5 Ne4 3.Bh4 c5 4.f3 g5 5.fxe4 gxh4 6.Nc3 cxd4 7.Qxd4 Rg8 8.e5 Nc6
9.Qe4 d5 10.exd6 Qxd6 11.Rd1 Qb4 12.Qxb4 Nxb4 13.Nb5 Na6 14.Nf3 Rg4 15.c3 Bh6
16.g3 Ra4 17.a3 h3 18.b4 Be3 19.Rd5 f6 20.Nfd4 Bxd4 21.Rxd4 Bd7 22.e4 Bc6
23.Be2 e5 24.Nd6+ Kf8 25.Rd2 Nc7 26.O-O Kg7 27.b5 Be8 28.Nxe8+ Nxe8 29.Rd7+ Kg6
30.Bg4 h6 31.Bxh3 Rxa3 32.Be6 Ng7 33.Bf7+ Kh7 34.Rxf6 Rxc3 35.Rdd6 Ne8 36.Bxe8 Rxe8
37.Rd7+  1-0

[Event "Vasylyshyn Mem w"]
[Site "Lviv UKR"]
[Date "2009.11.26"]
[Round "2"]
[White "Hryhorenko,N"]
[Black "Chulivska,V"]
[Result "1-0"]
[WhiteElo "2349"]
[BlackElo "2290"]

1.d4 Nf6 2.Bg5 Ne4 3.Bh4 c5 4.f3 Nf6 5.d5 Qb6 6.Bxf6 gxf6 7.Qc1 Bh6 8.e3 c4
9.f4 Qc5 10.Qd2 b5 11.b4 Qb6 12.a4 Ba6 13.axb5 Bxb5 14.Na3 f5 15.Nxb5 Qxb5
16.Ra5 Qb6 17.Bxc4 d6 18.Ne2 Nd7 19.O-O Ne5 20.Bb5+ Kf8 21.Nd4 Ng6 22.Bc6 Rb8
23.Rb5 Qc7 24.Rxb8+ Qxb8 25.Nxf5 Bg7 26.Nxg7 Kxg7 27.Qd4+ Kf8 28.Ra1 Qb6
29.Qxb6 axb6 30.Ra6  1-0

[Event "Open"]
[Site "Pilsen CZE"]
[Date "2009.12.05"]
[Round "1"]
[White "Plischki,S"]
[Black "Horyna,J"]
[Result "1-0"]
[WhiteElo "2347"]
[BlackElo "1927"]

1.d4 Nf6 2.Bg5 Ne4 3.Bf4 d6 4.f3 Nf6 5.e4 g6 6.Nc3 Bg7 7.Qd2 c6 8.Bh6 O-O
9.O-O-O b5 10.Kb1 a5 11.h4 b4 12.Nce2 Ba6 13.h5 e6 14.Bxg7 Kxg7 15.hxg6 fxg6
16.Qh6+ Kf7 17.Nh3 Ke8 18.Ng5 Qd7 19.Nf4 Bxf1 20.Nfxe6 Rf7 21.Nxf7 Qxf7 22.Ng5  1-0

[Event "FSIM December"]
[Site "Budapest HUN"]
[Date "2009.12.06"]
[Round "2"]
[White "Turzo,A"]
[Black "Denisov,I"]
[Result "1-0"]
[WhiteElo "2276"]
[BlackElo "2241"]

1.d4 Nf6 2.Bg5 Ne4 3.Bf4 d5 4.e3 c5 5.Bd3 Qb6 6.Bxe4 dxe4 7.Nc3 e6 8.Nge2 cxd4
9.exd4 Bb4 10.O-O Bxc3 11.Nxc3 O-O 12.Nxe4 Qxb2 13.Rb1 Qxa2 14.Nf6+ Kh8 15.Bd6 Rd8
16.Be7 Rd5 17.Qd3 Rf5 18.Ra1 Qxa1 19.Rxa1 gxf6 20.Ra5 Nc6 21.Rxf5 Nxe7 22.Rh5 Ng6
23.Qh3 Nf8 24.Qh4 Kg7 25.Rh6 f5 26.Qf6+ Kg8 27.Rh5 a5 28.Rg5+ Ng6 29.h4 h5
30.Rxh5 a4 31.Rh8+ Nxh8 32.h5 Kf8 33.h6 Ke8 34.Qxh8+ Ke7 35.h7 b5 36.Qe5 Bd7
37.h8=Q  1-0

[Event "Open"]
[Site "Pilsen CZE"]
[Date "2009.12.06"]
[Round "2"]
[White "Horyna,J"]
[Black "Kvasnicka,L"]
[Result "1-0"]
[WhiteElo "1927"]
[BlackElo "1766"]

1.d4 Nf6 2.Bg5 Ne4 3.Bf4 g6 4.f3 Nf6 5.e4 d6 6.Qd2 Bg7 7.Nc3 a6 8.O-O-O O-O
9.Bh6 c6 10.h4 Qa5 11.Bxg7 Kxg7 12.g4 b5 13.e5 dxe5 14.dxe5 Ng8 15.Qd4 Be6
16.a3 Nd7 17.h5 c5 18.Qf4 b4 19.axb4 cxb4 20.Nb1 Rac8 21.Bd3 Nxe5 22.hxg6 Nxd3+
23.Rxd3 fxg6 24.Qd4+ Nf6 25.Qe3 Kf7 26.Nh3 Rc5 27.Re1 Rxc2+ 28.Kxc2 Rc8+
29.Nc3 Rxc3+ 30.Rxc3 b3+ 31.Kd1 Nd5 32.Qxe6+ Kg7 33.Qe5+ Kh6 34.g5+ Kh5 35.Nf4+  1-0

[Event "2nd Dragon Capital"]
[Site "Ho Chi Minh City VIE"]
[Date "2009.12.08"]
[Round "9"]
[White "Nguyen Duc Hoa"]
[Black "Hoang Thi Nhu Y"]
[Result "1-0"]
[WhiteElo "2331"]
[BlackElo "2119"]

1.d4 Nf6 2.Bg5 Ne4 3.Bf4 b6 4.f3 Nf6 5.e4 e6 6.Bd3 d6 7.Ne2 Be7 8.Nbc3 Bb7
9.Qd2 Nbd7 10.O-O-O a6 11.g4 c5 12.dxc5 Nxc5 13.Bc4 b5 14.Bb3 b4 15.Na4 Qa5
16.Nxc5 dxc5 17.g5 Rd8 18.Qe3 Nd7 19.Bd6 Qb5 20.c3 a5 21.g6 hxg6 22.Bxe7 Kxe7
23.Qg5+ f6 24.Qxg6 Rdg8 25.Qg4 Qa6 26.Nf4 Ne5 27.Qg1 Qc6 28.Bxe6 g5 29.Bxg8 Rxg8
30.Nd5+ Kf7 31.f4 Nc4 32.Qg4 bxc3 33.Nxc3 Bc8 34.Qh5+ Kg7 35.fxg5 f5 36.g6 Rh8
37.Qe2 Nd6 38.exf5 Nxf5 39.Qe5+ Qf6 40.Qc7+ Kxg6 41.Rhg1+ Kh5 42.Ne4 Qh4
43.Qf7+  1-0

[Event "Open"]
[Site "Pilsen CZE"]
[Date "2009.12.08"]
[Round "4"]
[White "Cecil,P"]
[Black "Szablowski,P"]
[Result "0-1"]
[WhiteElo "2010"]
[BlackElo "2217"]

1.d4 Nf6 2.Bg5 Ne4 3.Bf4 g5 4.f3 gxf4 5.fxe4 c5 6.d5 Qb6 7.Qc1 Bg7 8.c3 Qf6
9.Nf3 d6 10.Nbd2 Bg4 11.Qc2 Nd7 12.O-O-O b5 13.h3 Bh5 14.Rg1 a5 15.g4 fxg3
16.Rxg3 b4 17.c4 a4 18.e3 Bg6 19.Bd3 b3 20.axb3 a3 21.bxa3 Rxa3 22.Nb1 Qa1
23.Rg2 O-O 24.e5 Rb8 25.Qb2 Rbxb3 26.Qxa1 Rxa1 27.Bxg6 hxg6 28.Rb2 Rxe3 29.Rb7 Nxe5
30.Nxe5 Bxe5 31.Rxe7 Rb3  0-1

[Event "Open"]
[Site "Pilsen CZE"]
[Date "2009.12.09"]
[Round "6"]
[White "Palek,M"]
[Black "Folk,P"]
[Result "1-0"]
[WhiteElo "2233"]
[BlackElo "2197"]

1.d4 Nf6 2.Bg5 Ne4 3.Bf4 c5 4.f3 Qa5+ 5.c3 Nf6 6.Nd2 cxd4 7.Nc4 Qf5 8.Bxb8 Rxb8
9.Qxd4 b6 10.e4 Qc5 11.Qxc5 bxc5 12.O-O-O g6 13.Kc2 d6 14.e5 dxe5 15.Nxe5 Bf5+
16.Bd3 Nd7 17.Nxf7 Rg8 18.Ng5 Ne5 19.Ne4 c4 20.Bf1 Ng4 21.Re1 Nf2 22.Bxc4 Rh8
23.Nh3 Nxh1 24.Rxh1 Bxh3 25.gxh3 Bh6 26.Re1 Rf8 27.Bd5 Kd7 28.b4 Rf5 29.Rd1 Ke8
30.Ng3 Re5 31.Be4 Rc8 32.Kb3 Be3 33.c4 a5 34.a3 axb4 35.axb4 Rb8 36.Kc3 Rc8
37.Re1 Bf4 38.c5 Rg5 39.Rg1 Be3 40.Rg2 Bxc5 41.bxc5 Rgxc5+ 42.Kd4 e5+ 43.Ke3 Rc3+
44.Bd3 Rd8 45.Rd2 Kf8 46.Ne4 Rc1 47.Ra2 Re1+ 48.Be2 Rd7 49.Kf2 Rh1 50.Bf1 Rd1
51.Ng3 Rxh2+ 52.Bg2 Kg7 53.Nf1 Rxg2+ 54.Kxg2 h5 55.Ng3 Kf6 56.Ra6+ Kg5 57.Ne4+ Kh4
58.Rxg6 Re1 59.Ng3  1-0

[Event "16th Open B"]
[Site "Zadar CRO"]
[Date "2009.12.16"]
[Round "6"]
[White "Medancic,R"]
[Black "Ivic,Mat"]
[Result "1-0"]
[WhiteElo "2251"]
[BlackElo "2244"]

1.d4 Nf6 2.Bg5 Ne4 3.Bf4 c5 4.f3 Nf6 5.dxc5 Qa5+ 6.Nc3 Qxc5 7.e4 d6 8.Qd2 g6
9.Be3 Qa5 10.Nb5 Qxd2+ 11.Kxd2 Na6 12.Nxa7 Bd7 13.Nb5 Bg7 14.Nc3 O-O 15.Nh3 Bxh3
16.gxh3 Nb4 17.a3 Nc6 18.Be2 Ra5 19.f4 e5 20.fxe5 Rxe5 21.Bf3 Rfe8 22.Rae1 Na5
23.b3 Nc6 24.Re2 Nd7 25.Rhe1 Ra5 26.a4 Nc5 27.Bg2 Ne6 28.Nd5 Ned4 29.Rf2 b5
30.axb5 Nxb5 31.Nf6+ Bxf6 32.Rxf6 Ra2 33.Bf1 Na3 34.Bd3 Nb4 35.Rc1 Naxc2
36.Bxc2 Rc8 37.Rxd6 Nxc2 38.Bh6 Nd4+ 39.Kd3 Rb8 40.Kxd4  1-0

[Event "9th Amplico Life Rapid"]
[Site "Warsaw POL"]
[Date "2009.12.19"]
[Round "5"]
[White "Yemelin,V"]
[Black "Laurusas,T"]
[Result "1-0"]
[WhiteElo "2584"]
[BlackElo "2242"]

1.d4 Nf6 2.Bg5 Ne4 3.Bf4 d5 4.e3 Bf5 5.f3 Nf6 6.g4 Bg6 7.h4 h5 8.g5 Nfd7
9.c4 e6 10.cxd5 exd5 11.Nc3 c6 12.Bd3 Bxd3 13.Qxd3 Be7 14.O-O-O Nf8 15.Nge2 Nbd7
16.e4 Nb6 17.Kb1 Ng6 18.Bc1 Qd7 19.exd5 cxd5 20.f4 Bd6 21.Nb5 Nc4 22.Nbc3 Ne7
23.Nxd5 Nxb2 24.Nf6+ gxf6 25.Bxb2 fxg5 26.d5 Rf8 27.hxg5 O-O-O 28.Rxh5 Qg4
29.Qh3 Qxh3 30.Rxh3 b6 31.Rh7 Bc5 32.Bg7 Rfe8 33.Nc3 Bb4 34.Rc1 Kb7 35.Bf6 Bxc3
36.Rxc3 Nxd5 37.Rxf7+ Ka8 38.Bxd8 Nxc3+ 39.Kc2 Nd5 40.g6 Rxd8 41.g7 Rc8+
42.Kb2 Kb8 43.f5 b5 44.Rf8 Ne7 45.f6  1-0

[Event "9th Amplico Life Rapid"]
[Site "Warsaw POL"]
[Date "2009.12.20"]
[Round "10"]
[White "Sotsky,A"]
[Black "Toma,K"]
[Result "1-0"]
[WhiteElo "2410"]
[BlackElo "2233"]

1.d4 Nf6 2.Bg5 Ne4 3.Bh4 d5 4.e3 g6 5.c3 Bg7 6.f4 Nd7 7.Nf3 O-O 8.Bd3 c5
9.O-O b6 10.Nbd2 Bb7 11.Ne5 Rc8 12.Rf3 Nb8 13.Rh3 f6 14.Nxe4 fxe5 15.Ng5 exd4
16.Nxh7 Qd6 17.Nxf8 Rxf8 18.Rg3 dxe3 19.Rxg6 Qxf4 20.Qh5  1-0

[Event "9th Amplico Life Rapid"]
[Site "Warsaw POL"]
[Date "2009.12.20"]
[Round "13"]
[White "Pitl,G"]
[Black "Laurusas,T"]
[Result "0-1"]
[WhiteElo "2420"]
[BlackElo "2242"]

1.d4 Nf6 2.Bg5 Ne4 3.Bh4 d5 4.f3 Nd6 5.Nc3 Nf5 6.Bf2 Nc6 7.g4 Nh6 8.e3 e6
9.Nge2 Be7 10.Ng3 f5 11.Nh5 O-O 12.Nf4 fxg4 13.fxg4 Bh4 14.Bg3 Qg5 15.Be2 Kh8
16.Qd2 e5 17.dxe5 d4 18.exd4 Rxf4 19.O-O-O Rxd4 20.Bxh4 Qxh4 21.Qe3 Rxd1+
22.Rxd1 Bxg4 23.Bc4 Bxd1  0-1

[Event "26th Open"]
[Site "Boeblingen GER"]
[Date "2009.12.26"]
[Round "1"]
[White "Injac,P"]
[Black "Hirneise,J"]
[Result "0-1"]
[WhiteElo "2028"]
[BlackElo "2293"]

1.d4 Nf6 2.Bg5 Ne4 3.Bf4 e6 4.Nd2 Nxd2 5.Qxd2 d5 6.e3 Bd6 7.Bxd6 cxd6 8.Nf3 Nc6
9.c3 O-O 10.Bd3 e5 11.dxe5 dxe5 12.Be2 Be6 13.O-O Qe7 14.Rfd1 Rfd8 15.Qe1 f6
16.Rd2 Qc7 17.Rad1 Na5 18.Qf1 Rac8 19.h3 a6 20.Nh2 Nc4 21.Bxc4 Qxc4 22.Qxc4 Rxc4
23.f3 Rdc8 24.Nf1 Kf7 25.Rf2 Ra4 26.a3 g5 27.g4 Rd8 28.Rfd2 h5 29.Ng3 hxg4
30.hxg4 Kg6 31.Kf2 Rh8 32.Rh1 Rxh1 33.Nxh1 Rc4 34.Ng3 a5 35.Nf5 Rc7 36.e4 Rd7
37.Ke3 Rh7 38.Rg2 dxe4 39.Kxe4 Rh1 40.Rd2 Re1+ 41.Ne3 Ba2 42.Kd3 Bb1+ 43.Nc2 Rc1
44.c4 f5 45.gxf5+ Kxf5 46.b4 axb4 47.axb4 Kf4 48.c5 Kxf3 49.b5 e4+ 50.Kc3 e3
51.Rd7 Rxc2+ 52.Kb4 Rb2+ 53.Ka5 e2 54.Re7 Be4  0-1

[Event "26th Open"]
[Site "Boeblingen GER"]
[Date "2009.12.27"]
[Round "3"]
[White "Schneider,Il"]
[Black "Bertagnolli,A"]
[Result "1/2-1/2"]
[WhiteElo "2496"]
[BlackElo "2332"]

1.d4 Nf6 2.Bg5 Ne4 3.Bf4 e5 4.Bxe5 Nc6 5.Nd2 d5 6.Ngf3 f6 7.Bg3 h5 8.Bf4 g5
9.Be3 Nd6 10.Nb3 Nf5 11.Bd2 g4 12.Ng1 Nfxd4 13.Nxd4 Nxd4  1/2-1/2